LEADER 00860nam a2200181 i 4500 001 000000023141 003 CaOOAMICUS 005 20180830125446.0 008 180830n it u000 u ita u 040 $aSeMil$bita 100 1 $aDillenschneider, Clément .$0(OLS)http://semarc/name/801 240 13$aLe Christ, l'Unique Prêtre, et nous ses prêtes.$0(OLS)http://semarc/title/31018 245 10$aSacerdote e apostolo nello Spirito del Concilio Vaticano 2 /$cClément Dillenschneider. 260 $aBologna :$bDehoniane,$c[196?] 300 $av. ;$c23 cm. 774 0 $tElementi ascetici della nostra spiritualità sacerdotale.$b2. edizione.$kSpiritualità sacerdotale$gVol.2$w()36396 996 $6245$aSacerdote e apostolo nello Spirito del Concilio Vaticano 2$9(OLS)http://semarc/title/31017 996 $6260$aBologna :$bDehoniane$9(OLS)http://semarc/publisher/30419 LEADER 01008nam a2200241 i 4500 001 000000063621 003 CaOOAMICUS 005 20040616000000.0 008 040616s1963 it u000 u ita u 013 $a34793 040 $aSeMil$bita 100 1 $aPecchiai, Pio.$0(OLS)http://semarc/name/17819 245 10$aPalazzo Taverna :$ba Monte Giordano /$cPio Pecchiai. 260 $aRoma :$bIstituto di studi romani,$ccopyr. 1963. 300 $a82 p., [17] p. di tav. :$bill. ;$c25 cm. 490 0 $aQuaderni di storia dell'arte ;$v13. 650 4$aRoma - Palazzo Taverna - Storia.$0(OLS)http://semarc/subject/12476 830 0$aQuaderni di storia dell'arte ;$v13.$0(OLS)http://semarc/title/15584 850 $aSeMil 852 $aSeMil$W1$xVenegono$y1$m5J VI 115$j29774$B29774$CSeMilBibl$Z2$F29777 $81 961 $aOmaggio: Deposito 996 $6245$aPalazzo Taverna :$ba Monte Giordano$9(OLS)http://semarc/title/100557 996 $6260$aRoma :$bIstituto di studi romani$9(OLS)http://semarc/publisher/31798